00654nam a22001937a 4500003000900000008004100009040007100050082001800121100002100139245004000160260003800200300004700238505005600285650002700341700002500368700002500393700002000418700002200438AR-CdUCM190226b ||||| |||| 00| 0 spa d aMUNICIPALIDAD PROVINCIAL DEL CUSCOcBIBLIOTECA MUNICIPAL DEL CUSCO a940.53 /bR81 aRommel, Mariscal aMemorias :bLos Años de Derrota / aMéxico :bZarco, S. A. ;c1955. a306 páginas bfotografías, mapasc20cm aHistoria general de Europa, segunda Guerra Mundial  asegunda Guerra Mundial aLiddell Hart, B. H.  aRommel, Lucie-Marie  aRommel, Manfred aBayerlein, Fritz